000 00487 a2200157 4500
003 Nust
005 20230526114809.0
040 _cNust
082 _a808.81,BRO
100 _aW.T.Young
_9112687
245 _aRobert Browning a Selection of poems
_cW.T. Young
260 _aNew yourk
_bCambride unuivercity
_c1929
300 _aviii,271p;
505 _aDramatic Lyrics (Page-2), Dramatic Romances (Page-57), Men and Women (Page-104), Dramatis Personae (Page-181).
942 _2ddc
_cBK
999 _c193963
_d193963